[Event "Turkish Club Cup 2019"]
[Site "Konya"]
[Date "2019.07.20"]
[Round "7"]
[White "Kara, Ali Barkin"]
[Black "Sariali, Furkan Anil"]
[Result "0-1"]
[WhiteElo "1749"]
[BlackElo "1733"]
[Annotator "NA"]
[PlyCount "96"]
[EventDate "2019.07.16"]
[EventType "team-tourn"]
[EventCountry "TUR"]
[SourceTitle "playchess.com"]
[Source "ChessBase"]
[SourceQuality "1"]

1. e4 c5 2. Nf3 d6 3. d4 cxd4 4. Nxd4 Nf6 5. Nc3 a6 6. Bg5 e6 7. f4 Be7 8. Qf3 Qb6 9. O-O-O O-O 10. g4 Qc7 11. h4 b5 12. a3 Bb7 13. Bxf6 Bxf6 14. g5 Bxd4 15. Rxd4 Nc6 16. Rd2 b4 17. Nb1 a5 18. h5 Rac8 19. g6 Nd4 20. gxh7+ Kh8 21. Qd3 Nxc2 22. Kd1 Ne3+ 23. Qxe3 Qc1+ 24. Ke2 Qxb1 25. Bg2 Qa2 26. axb4 Qc4+ 27. Kf2 Qxb4 28. h6 g6 29. Rhd1 Kxh7 30. Rxd6 Qxb2+ 31. R1d2 Rc2 32. Rxc2 Qxc2+ 33. Rd2 Qc7 34. Bf3 Kxh6 35. Rd1 Kg7 36. Rc1 Qd8 37. Qc3+ f6 38. Rd1 Qb6+ 39. Kg3 Rf7 40. e5 f5 41. Ra1 Bxf3 42. Kxf3 Rc7 43. Qd3 Qb4 44. Ra3 Rc4 45. Qe3 a4 46. Rd3 Qb7+ 47. Kg3 Rb4 48. Qd2 Rb3 0-1

[Event "Turkish Club Cup 2019"]
[Site "Konya"]
[Date "2019.07.20"]
[Round "7"]
[White "Gur, Tuba"]
[Black "Kalayci, Nino"]
[Result "1-0"]
[WhiteElo "1747"]
[BlackElo "1855"]
[Annotator "NA"]
[PlyCount "79"]
[EventDate "2019.07.16"]
[EventType "team-tourn"]
[EventCountry "TUR"]
[SourceTitle "playchess.com"]
[Source "ChessBase"]
[SourceQuality "1"]

1. d4 d5 2. Nf3 Nf6 3. e3 Bf5 4. c4 c6 5. Nc3 e6 6. Bd3 Bg6 7. O-O Nbd7 8. cxd5 exd5 9. Re1 Be7 10. Qc2 O-O 11. Ne5 Nxe5 12. dxe5 Bxd3 13. Qxd3 Nd7 14. f4 f6 15. e4 d4 16. exf6 Nxf6 17. Ne2 c5 18. Ng3 Rf7 19. Bd2 Bf8 20. Rac1 Ng4 21. h3 Nf6 22. Qc4 b5 23. Qxb5 Rb8 24. Ba5 Qd6 25. Qf1 d3 26. Rcd1 c4 27. Bc3 Ng4 28. Nf5 Rxf5 29. exf5 Qc5+ 30. Kh1 Nf2+ 31. Kh2 Nxd1 32. Rxd1 Qxf5 33. Qf3 Bd6 34. Rf1 Rf8 35. Kh1 Bxf4 36. Qb7 Qf7 37. Qe4 Qc7 38. Bb4 Rb8 39. Rxf4 h6 40. Qxc4+ 1-0

[Event "Turkish Club Cup 2019"]
[Site "Konya"]
[Date "2019.07.20"]
[Round "7"]
[White "Demirbas, Fatih"]
[Black "Guner, Sati Emre"]
[Result "1/2-1/2"]
[WhiteElo "1742"]
[BlackElo "1912"]
[Annotator "NA"]
[PlyCount "61"]
[EventDate "2019.07.16"]
[EventType "team-tourn"]
[EventCountry "TUR"]
[SourceTitle "playchess.com"]
[Source "ChessBase"]
[SourceQuality "1"]

1. e4 e5 2. Nf3 Nc6 3. Bc4 Nf6 4. d3 Bc5 5. c3 O-O 6. b4 Bb6 7. a4 a6 8. O-O d6 9. Nbd2 Ne7 10. Ba3 Ng6 11. Re1 Nh5 12. d4 Nhf4 13. dxe5 Nxe5 14. Ra2 Qf6 15. Nxe5 dxe5 16. Nf1 Qg6 17. Qf3 Bh3 18. Ne3 Rad8 19. b5 Rfe8 20. Qg3 Bc8 21. Qxg6 hxg6 22. Nd5 Be6 23. bxa6 bxa6 24. Rb2 Nxd5 25. exd5 Bxd5 26. Bxa6 Bc6 27. Bb5 Bxb5 28. axb5 Rd3 29. Bb4 Red8 30. Kf1 Rd2 31. Rxd2 1/2-1/2

[Event "Turkish Club Cup 2019"]
[Site "Konya"]
[Date "2019.07.20"]
[Round "7"]
[White "Taskin, Arda"]
[Black "Ozmen, Kemal"]
[Result "1/2-1/2"]
[WhiteElo "1723"]
[BlackElo "1472"]
[Annotator "NA"]
[PlyCount "119"]
[EventDate "2019.07.16"]
[EventType "team-tourn"]
[EventCountry "TUR"]
[SourceTitle "playchess.com"]
[Source "ChessBase"]
[SourceQuality "1"]

1. d4 Nf6 2. Bg5 Ne4 3. Bf4 e6 4. Nd2 Nxd2 5. Qxd2 d5 6. Nf3 c5 7. e3 Nc6 8. c3 Bd6 9. Bg3 O-O 10. dxc5 Bxc5 11. b4 Bd6 12. b5 Bxg3 13. hxg3 Ne7 14. Bd3 f5 15. g4 Ng6 16. gxf5 exf5 17. O-O Nh4 18. Nxh4 Qxh4 19. g3 Qf6 20. Rab1 g5 21. Rb4 Be6 22. Rd1 h5 23. Be2 h4 24. gxh4 gxh4 25. Qd4 Qxd4 26. Rbxd4 Rac8 27. Bf3 Rxc3 28. Bxd5 Bxd5 29. Rxd5 Rf7 30. R1d4 Rg7+ 31. Kh2 h3 32. Rxf5 Rc1 33. Rd8+ Kh7 34. Rh5+ Kg6 35. Rxh3 Kf5 36. Rf3+ Ke6 37. Rd2 Rcg1 38. Rg3 R7xg3 39. fxg3 Re1 40. Kh3 Rxe3 41. Kh4 Re4+ 42. g4 Rb4 43. Rf2 Rxb5 44. g5 a5 45. g6 Rb1 46. Kg5 Rg1+ 47. Kh6 b5 48. Kh7 Kd5 49. Kg7 Kc4 50. Kf6 b4 51. Rf4+ Kc3 52. Rf5 a4 53. Rg5 Rxg5 54. Kxg5 b3 55. axb3 axb3 56. g7 b2 57. g8=Q b1=Q 58. Qc8+ Kb2 59. Qb7+ Ka1 60. Qxb1+ 1/2-1/2

[Event "Turkish Club Cup 2019"]
[Site "Konya"]
[Date "2019.07.20"]
[Round "7"]
[White "Keskin, Osman Orcun"]
[Black "Turk, Alp"]
[Result "1-0"]
[WhiteElo "1719"]
[BlackElo "1222"]
[Annotator "NA"]
[PlyCount "53"]
[EventDate "2019.07.16"]
[EventType "team-tourn"]
[EventCountry "TUR"]
[SourceTitle "playchess.com"]
[Source "ChessBase"]
[SourceQuality "1"]

1. d4 Nf6 2. Nf3 g6 3. c4 Bg7 4. Nc3 O-O 5. Bf4 d6 6. Qd2 Nbd7 7. Bh6 e5 8. Bxg7 Kxg7 9. O-O-O Qe7 10. e4 c6 11. h4 h5 12. Ng5 a6 13. d5 c5 14. f3 Nb6 15. Be2 Nh7 16. g4 Nxg5 17. hxg5 hxg4 18. fxg4 Bd7 19. Qe3 a5 20. Kb1 Rh8 21. Rh6 Rh7 22. Rxh7+ Kxh7 23. Qh3+ Kg7 24. Qh6+ Kg8 25. Rh1 f5 26. Qh8+ Kf7 27. Rh7# 1-0

[Event "Turkish Club Cup 2019"]
[Site "Konya"]
[Date "2019.07.20"]
[Round "7"]
[White "Yildiz, Tunahan"]
[Black "Uysal, Ugur"]
[Result "0-1"]
[WhiteElo "1719"]
[BlackElo "1689"]
[Annotator "NA"]
[PlyCount "78"]
[EventDate "2019.07.16"]
[EventType "team-tourn"]
[EventCountry "TUR"]
[SourceTitle "playchess.com"]
[Source "ChessBase"]
[SourceQuality "1"]

1. d4 Nf6 2. c4 g6 3. Nc3 Bg7 4. e4 d6 5. h3 O-O 6. Nf3 c5 7. d5 e6 8. Bd3 exd5 9. exd5 Re8+ 10. Be3 Na6 11. O-O Nc7 12. a4 Rb8 13. Qd2 a6 14. Bg5 Qd7 15. Bxf6 Bxf6 16. Ne4 Bg7 17. Qf4 Rd8 18. Nf6+ Bxf6 19. Qxf6 b5 20. b3 bxc4 21. bxc4 Ne8 22. Qh4 Kg7 23. Rab1 Rxb1 24. Rxb1 Nf6 25. Nd2 Re8 26. Rb6 Re1+ 27. Kh2 Rd1 28. Qf4 Qe7 29. Bf1 Nh5 30. Qxd6 Qxd6+ 31. Rxd6 Rxd2 32. Rc6 Bd7 33. Rxc5 Rxf2 34. Rc7 Bxa4 35. Kg1 Rd2 36. Ra7 Ng3 37. Rxa6 Nxf1 38. Kxf1 Bb3 39. Rc6 Rd4 0-1

[Event "Turkish Club Cup 2019"]
[Site "Konya"]
[Date "2019.07.20"]
[Round "7"]
[White "Yatkin, Osman"]
[Black "Cam, Vedat"]
[Result "0-1"]
[WhiteElo "1692"]
[BlackElo "1907"]
[Annotator "NA"]
[PlyCount "113"]
[EventDate "2019.07.16"]
[EventType "team-tourn"]
[EventCountry "TUR"]
[SourceTitle "playchess.com"]
[Source "ChessBase"]
[SourceQuality "1"]

1. d4 f5 2. b3 Nf6 3. Bb2 e6 4. Nf3 d5 5. Ne5 Nbd7 6. e3 Be7 7. Bd3 O-O 8. O-O Nxe5 9. dxe5 Nd7 10. c4 Nc5 11. Be2 a5 12. Qc2 b6 13. Nc3 Bb7 14. Rad1 c6 15. f3 Qc7 16. cxd5 exd5 17. a3 Rac8 18. Kh1 Ne6 19. Bd3 g6 20. Ne2 c5 21. Rc1 Bg5 22. f4 Bh4 23. Ng1 Qd7 24. Nf3 Be7 25. Qe2 Bc6 26. Rfd1 b5 27. h3 Qb7 28. Kh2 d4 29. Ne1 a4 30. bxa4 c4 31. axb5 cxd3 32. bxc6 dxe2 33. cxb7 exd1=Q 34. bxc8=Q Rxc8 35. Rxd1 dxe3 36. Kg3 Rb8 37. Bc1 Rb1 38. Nc2 g5 39. fxg5 Bxg5 40. Re1 Nc5 41. Bxe3 Rxe1 42. Bxg5 Re2 43. Ne3 Ne4+ 44. Kh4 Nxg5 45. Nxf5 Ne6 46. g4 Rxe5 47. a4 Ra5 48. Kh5 Ng7+ 49. Kg5 Nxf5 50. gxf5 Kf7 51. h4 Rxa4 52. h5 Rb4 53. Kh6 Rh4 54. Kg5 Rh1 55. Kh6 Kf6 56. Kxh7 Rxh5+ 57. Kg8 0-1

[Event "Turkish Club Cup 2019"]
[Site "Konya"]
[Date "2019.07.20"]
[Round "7"]
[White "Simsek, Meltem"]
[Black "Gundogan, Sinem Cagla"]
[Result "0-1"]
[WhiteElo "1684"]
[BlackElo "1806"]
[Annotator "NA"]
[PlyCount "78"]
[EventDate "2019.07.16"]
[EventType "team-tourn"]
[EventCountry "TUR"]
[SourceTitle "playchess.com"]
[Source "ChessBase"]
[SourceQuality "1"]

1. c4 c5 2. Nc3 Nf6 3. Nf3 Nc6 4. e3 g6 5. b3 Bg7 6. Bb2 O-O 7. a3 e5 8. d3 d5 9. cxd5 Nxd5 10. Nxd5 Qxd5 11. Qc2 Be6 12. Nd2 Rac8 13. Be2 Qxg2 14. Bf3 Qh3 15. Rg1 Rfd8 16. Rg3 Qxh2 17. Ne4 Na5 18. Ke2 Qh4 19. Qc3 Nxb3 20. Rh1 Qe7 21. Ng5 c4 22. dxc4 Bxc4+ 23. Ke1 Be6 24. Qb4 Qxb4+ 25. axb4 Rc2 26. Nxe6 fxe6 27. Bg4 Rd6 28. Rgh3 Rxb2 29. Rxh7 e4 30. Kf1 Rb1+ 31. Kg2 Rxh1 32. Rxh1 Kf7 33. Rb1 Nd2 34. Rc1 Rd7 35. Rc2 Nf3 36. Rc4 Ne5 37. Rxe4 Nxg4 38. Rxg4 Rd2 39. Rc4 Be5 0-1

[Event "Turkish Club Cup 2019"]
[Site "Konya"]
[Date "2019.07.20"]
[Round "7"]
[White "Eraslan, Yagmur"]
[Black "Alev, Gonulden Seda"]
[Result "1-0"]
[WhiteElo "1651"]
[BlackElo "1579"]
[Annotator "NA"]
[PlyCount "62"]
[EventDate "2019.07.16"]
[EventType "team-tourn"]
[EventCountry "TUR"]
[SourceTitle "playchess.com"]
[Source "ChessBase"]
[SourceQuality "1"]

1. e4 c5 2. Nf3 d6 3. Bb5+ Bd7 4. Bxd7+ Qxd7 5. c4 Nf6 6. Nc3 g6 7. d4 cxd4 8. Nxd4 Bg7 9. f3 O-O 10. O-O Rc8 11. b3 d5 12. exd5 Nxd5 13. Nxd5 e6 14. Be3 exd5 15. cxd5 Qxd5 16. Qd2 Na6 17. Rac1 Re8 18. Rfd1 Re7 19. Bf2 Rd8 20. Bh4 f6 21. Bf2 Red7 22. a4 f5 23. Rc4 Nc5 24. Qe3 Ne6 25. Qc3 f4 26. g3 g5 27. Kg2 g4 28. Nxe6 gxf3+ 29. Qxf3 Qxd1 30. Qxd1 Rxd1 31. Nxd8 fxg3 1-0

[Event "Turkish Club Cup 2019"]
[Site "Konya"]
[Date "2019.07.20"]
[Round "7"]
[White "Yenicirak, Gokdeniz Ege"]
[Black "Gulsoy, Mustafa Alpago"]
[Result "0-1"]
[WhiteElo "1636"]
[BlackElo "2069"]
[Annotator "NA"]
[PlyCount "82"]
[EventDate "2019.07.16"]
[EventType "team-tourn"]
[EventCountry "TUR"]
[SourceTitle "playchess.com"]
[Source "ChessBase"]
[SourceQuality "1"]

1. e4 d6 2. d4 g6 3. Nc3 Bg7 4. Be3 a6 5. Qd2 Nd7 6. f3 b6 7. h4 h6 8. O-O-O Bb7 9. g4 e6 10. Nge2 b5 11. Ng3 Ne7 12. Nce2 c5 13. f4 Rc8 14. f5 Nf6 15. fxe6 Nxe4 16. exf7+ Kxf7 17. Nxe4 Bxe4 18. Ng3 Bxh1 19. Nxh1 c4 20. Bg2 Kg8 21. Rf1 Kh7 22. Rf7 Qe8 23. Rxg7+ Kxg7 24. d5 Qf7 25. Bd4+ Kh7 26. Bxh8 Rxh8 27. Ng3 Rf8 28. Ne4 Qxd5 29. Nf6+ Rxf6 30. Qxd5 Nxd5 31. Bxd5 Rf4 32. Be6 h5 33. gxh5 gxh5 34. Bc8 a5 35. Ba6 b4 36. Kd2 Rxh4 37. b3 c3+ 38. Ke3 Rh2 39. Kf4 Kh6 40. Bd3 Rd2 41. Ke3 h4 0-1

[Event "Turkish Club Cup 2019"]
[Site "Konya"]
[Date "2019.07.20"]
[Round "7"]
[White "Sural, Ceren"]
[Black "Cingoz, Isil"]
[Result "1-0"]
[WhiteElo "1622"]
[BlackElo "1123"]
[Annotator "NA"]
[PlyCount "65"]
[EventDate "2019.07.16"]
[EventType "team-tourn"]
[EventCountry "TUR"]
[SourceTitle "playchess.com"]
[Source "ChessBase"]
[SourceQuality "1"]

1. e4 e6 2. d3 d5 3. Nd2 Nf6 4. Ngf3 dxe4 5. dxe4 b6 6. Bd3 Bb7 7. O-O Nc6 8. a3 Ng4 9. Nc4 b5 10. Ne3 Nxe3 11. Bxe3 a6 12. Qe2 Bd6 13. Rad1 O-O 14. e5 Nxe5 15. Nxe5 f5 16. f4 Rf6 17. g3 Rh6 18. Qf2 Rh3 19. Be2 Qf6 20. Bf3 Bxf3 21. Qxf3 Re8 22. Qc6 Rd8 23. Qxa6 Qh6 24. Rf2 Qh5 25. Rdd2 Rf8 26. Qxb5 g5 27. Bc5 gxf4 28. gxf4 Kh8 29. Bd4 Rf6 30. Rg2 Be7 31. Qb8+ Bf8 32. Qxf8+ Rxf8 33. Nf7# 1-0

[Event "Turkish Club Cup 2019"]
[Site "Konya"]
[Date "2019.07.20"]
[Round "7"]
[White "Sarikas, Ertan"]
[Black "Vursan, Emre Can"]
[Result "1/2-1/2"]
[WhiteElo "1612"]
[BlackElo "1714"]
[Annotator "NA"]
[PlyCount "103"]
[EventDate "2019.07.16"]
[EventType "team-tourn"]
[EventCountry "TUR"]
[SourceTitle "playchess.com"]
[Source "ChessBase"]
[SourceQuality "1"]

1. e4 e5 2. d4 exd4 3. Nf3 Nc6 4. Bc4 Nf6 5. O-O d5 6. exd5 Nxd5 7. Re1+ Be7 8. Nxd4 O-O 9. Nxc6 bxc6 10. Qf3 Be6 11. Bb3 Bd6 12. Nd2 Nf6 13. Nf1 Bd5 14. Bxd5 cxd5 15. Bg5 Be7 16. Ne3 Qd7 17. Nf5 Bd8 18. Rad1 Rb8 19. b3 Rb6 20. c4 Re8 21. cxd5 Kf8 22. Be3 Rb5 23. b4 Rxd5 24. Bc5+ Kg8 25. Ne3 Rd3 26. Rxd3 Qxd3 27. Rd1 Qe4 28. Qxe4 Nxe4 29. Bxa7 Nc3 30. Rd2 Be7 31. Bc5 Ne4 32. Rc2 Nxc5 33. bxc5 Bg5 34. Rb2 Kf8 35. Rb7 Bxe3 36. fxe3 Rxe3 37. a4 Ra3 38. Ra7 Ke8 39. c6 Rc3 40. Rxc7 Rc5 41. Ra7 Rxc6 42. a5 g6 43. a6 Kf8 44. Ra8+ Kg7 45. a7 Ra6 46. Kf2 Ra3 47. Ke2 h5 48. Kd2 Ra6 49. Kc3 Ra1 50. Kb4 Rb1+ 51. Kc5 Rc1+ 52. Kd5 1/2-1/2

[Event "Turkish Club Cup 2019"]
[Site "Konya"]
[Date "2019.07.20"]
[Round "7"]
[White "Akin, Batikan Aybey"]
[Black "Durak, Ahmet"]
[Result "0-1"]
[WhiteElo "1610"]
[BlackElo "1786"]
[Annotator "NA"]
[PlyCount "86"]
[EventDate "2019.07.16"]
[EventType "team-tourn"]
[EventCountry "TUR"]
[SourceTitle "playchess.com"]
[Source "ChessBase"]
[SourceQuality "1"]

1. Nf3 d5 2. d4 Nf6 3. e3 c5 4. Bd3 Nc6 5. c3 Bg4 6. h3 Bh5 7. Nbd2 e6 8. Qa4 c4 9. Be2 Nd7 10. O-O f5 11. Qd1 Bd6 12. g3 O-O 13. Nh4 Bxe2 14. Qxe2 Qc7 15. g4 Rf6 16. g5 Rff8 17. Ng2 b5 18. f3 e5 19. dxe5 Ncxe5 20. Nf4 Qb7 21. e4 fxe4 22. fxe4 Bc5+ 23. Kh2 Nb6 24. exd5 Rae8 25. Ne4 Nd3 26. Nxd3 cxd3 27. Rxf8+ Rxf8 28. Qxd3 Nxd5 29. Kh1 Nxc3 30. bxc3 Re8 31. Ba3 Rxe4 32. Kh2 Bxa3 33. Rf1 Re8 34. Kg3 Qc7+ 35. Kf2 Qh2+ 36. Kf3 Qxh3+ 37. Kf2 Qxd3 38. g6 Rf8+ 39. Kg2 Qxf1+ 40. Kg3 Bd6+ 41. Kg4 Qg2+ 42. Kh5 Qh3+ 43. Kg5 Rf5# 0-1

[Event "Turkish Club Cup 2019"]
[Site "Konya"]
[Date "2019.07.20"]
[Round "7"]
[White "Inci, Okan"]
[Black "Araboga, Mesut"]
[Result "1-0"]
[WhiteElo "1609"]
[BlackElo "1648"]
[Annotator "NA"]
[PlyCount "123"]
[EventDate "2019.07.16"]
[EventType "team-tourn"]
[EventCountry "TUR"]
[SourceTitle "playchess.com"]
[Source "ChessBase"]
[SourceQuality "1"]

1. e4 e6 2. d4 d5 3. Nd2 dxe4 4. Nxe4 Nd7 5. Nf3 Ngf6 6. Bd3 Nxe4 7. Bxe4 Nf6 8. Bd3 Be7 9. O-O O-O 10. Qe2 c5 11. dxc5 Bxc5 12. Bg5 Be7 13. Rfd1 Qa5 14. a3 h6 15. b4 Qc7 16. Bd2 b6 17. c4 Bb7 18. Rac1 Rad8 19. Ne5 Rd4 20. Bc3 Rh4 21. g3 Rh5 22. c5 bxc5 23. bxc5 Bxc5 24. Bd4 Rxe5 25. Qxe5 Qc6 26. Be4 Bxd4 27. Bxc6 Bxe5 28. Bxb7 Bb2 29. Rc7 Bxa3 30. Ba6 Nd5 31. Rxa7 Rd8 32. Bc4 Bf8 33. Ra5 g6 34. Bxd5 Rxd5 35. Rdxd5 exd5 36. Rxd5 Be7 37. f4 f5 38. Kf2 Kf7 39. Ke3 Ke6 40. Kd4 Bd6 41. Rb5 g5 42. fxg5 hxg5 43. Rb6 g4 44. Ra6 Ke7 45. Kd5 Bc7 46. Ra7 Kd7 47. Rxc7+ Kxc7 48. Ke5 Kd7 49. Kxf5 Ke7 50. Kxg4 Kf6 51. h4 Kg6 52. Kf4 Kf6 53. g4 Kg6 54. h5+ Kh6 55. Kf5 Kg7 56. g5 Kf7 57. h6 Kf8 58. Kf6 Kg8 59. g6 Kh8 60. g7+ Kg8 61. h7+ Kxh7 62. Kf7 1-0

[Event "Turkish Club Cup 2019"]
[Site "Konya"]
[Date "2019.07.20"]
[Round "7"]
[White "Yigit, Fatih"]
[Black "Demirbas, Emre"]
[Result "1-0"]
[WhiteElo "1594"]
[BlackElo "1913"]
[Annotator "NA"]
[PlyCount "85"]
[EventDate "2019.07.16"]
[EventType "team-tourn"]
[EventCountry "TUR"]
[SourceTitle "playchess.com"]
[Source "ChessBase"]
[SourceQuality "1"]

1. d4 d5 2. c4 e6 3. Nc3 Nf6 4. e3 c6 5. cxd5 exd5 6. Bd3 Bd6 7. Nge2 Nbd7 8. Ng3 Nf8 9. Qc2 Ng6 10. Bd2 a5 11. a4 Nh4 12. O-O Be6 13. e4 dxe4 14. Ncxe4 Nxe4 15. Nxe4 Be7 16. Be3 Bd5 17. f3 Nf5 18. Bf2 Bxe4 19. Bxe4 Nxd4 20. Qc4 Ne6 21. Rad1 Qc7 22. Bf5 Qe5 23. Bg4 O-O 24. Rfe1 Qf6 25. Bxe6 fxe6 26. Rxe6 Qf7 27. Rd7 Rfe8 28. Qe2 Kf8 29. Kf1 Rad8 30. Rxb7 Rd1+ 31. Be1 Rd5 32. g3 h5 33. Kg2 h4 34. Bc3 Rh5 35. g4 h3+ 36. Kf1 Rg5 37. Qe4 Rd5 38. Ke2 Rc5 39. Rc7 Rd5 40. Rexc6 Bg5 41. Rxf7+ Kxf7 42. Rc7+ Kf8 43. Bxg7+ 1-0

[Event "Turkish Club Cup 2019"]
[Site "Konya"]
[Date "2019.07.20"]
[Round "7"]
[White "Metin, Enis"]
[Black "Polat, Ahmet Eren"]
[Result "1/2-1/2"]
[WhiteElo "1538"]
[BlackElo "1651"]
[Annotator "NA"]
[PlyCount "83"]
[EventDate "2019.07.16"]
[EventType "team-tourn"]
[EventCountry "TUR"]
[SourceTitle "playchess.com"]
[Source "ChessBase"]
[SourceQuality "1"]

1. e4 d6 2. Nf3 Nf6 3. Nc3 e5 4. d4 Nbd7 5. Bc4 Be7 6. O-O O-O 7. Qe2 c6 8. h3 a5 9. a4 h6 10. Rd1 Qc7 11. Nh4 Nb6 12. Ng6 Re8 13. dxe5 dxe5 14. Nxe7+ Qxe7 15. Bd3 Be6 16. Qf3 Nfd7 17. Qg3 Kh8 18. Be3 Nc4 19. Bxc4 Bxc4 20. b3 Be6 21. Rd3 Qb4 22. Rad1 Nc5 23. Bxc5 Qxc5 24. Qe3 Qxe3 25. Rxe3 Rad8 26. Red3 Rxd3 27. Rxd3 Kg8 28. f3 Kf8 29. Kf2 Ke7 30. Ke3 Rd8 31. Rxd8 Kxd8 32. Ne2 Ke7 33. Nc1 Kd6 34. Nd3 b5 35. Nb2 f6 36. Kd3 h5 37. h4 Kc5 38. Kc3 Kd6 39. Kd3 Kc5 40. Kc3 Kd6 41. Kd3 Kc5 42. Kc3 1/2-1/2

[Event "Turkish Club Cup 2019"]
[Site "Konya"]
[Date "2019.07.20"]
[Round "7"]
[White "Koc, Azra Ece"]
[Black "Yanik, Emine"]
[Result "0-1"]
[WhiteElo "1527"]
[BlackElo "1911"]
[Annotator "NA"]
[PlyCount "68"]
[EventDate "2019.07.16"]
[EventType "team-tourn"]
[EventCountry "TUR"]
[SourceTitle "playchess.com"]
[Source "ChessBase"]
[SourceQuality "1"]

1. d4 c5 2. d5 e6 3. dxe6 fxe6 4. e4 Nc6 5. Nf3 Qc7 6. g3 Nf6 7. Nc3 a6 8. a4 Be7 9. Bg2 O-O 10. Bf4 d6 11. h4 Rb8 12. h5 b5 13. axb5 axb5 14. Nh2 b4 15. Nb1 Bb7 16. Nd2 Rbd8 17. c3 Nd7 18. Bh3 e5 19. Be6+ Kh8 20. Be3 Nb6 21. c4 Bc8 22. Bxc8 Qxc8 23. g4 Qe6 24. b3 Qf7 25. Rg1 Nd4 26. g5 Qe6 27. Ng4 Kg8 28. g6 Ra8 29. Rc1 Nd7 30. h6 hxg6 31. hxg7 Rf4 32. f3 Ra2 33. Nh2 Qh3 34. Nhf1 Bh4+ 0-1

[Event "Turkish Club Cup 2019"]
[Site "Konya"]
[Date "2019.07.20"]
[Round "7"]
[White "Yilmaz, Kayra"]
[Black "Celik, Musa"]
[Result "0-1"]
[WhiteElo "1512"]
[BlackElo "1773"]
[Annotator "NA"]
[PlyCount "68"]
[EventDate "2019.07.16"]
[EventType "team-tourn"]
[EventCountry "TUR"]
[SourceTitle "playchess.com"]
[Source "ChessBase"]
[SourceQuality "1"]

1. e4 c5 2. Nf3 Nc6 3. Bc4 e6 4. Nc3 Nf6 5. O-O Nxe4 6. Nxe4 d5 7. Qe2 dxc4 8. Qxc4 b6 9. Re1 Be7 10. b3 O-O 11. Bb2 Re8 12. h4 Qd5 13. Qe2 f6 14. c4 Qh5 15. Qe3 e5 16. Ng3 Qg4 17. h5 Bb7 18. Nh2 Qd7 19. Ne4 Nb4 20. h6 Bf8 21. hxg7 Bxg7 22. Qg3 Kh8 23. Ng4 Bxe4 24. Rxe4 Nd3 25. Bc3 Re7 26. Re3 Rd8 27. Qh4 Qf5 28. Rf1 Nf4 29. Nxe5 Rde8 30. Ng4 Rxe3 31. dxe3 Ne2+ 32. Kh1 Nxc3 33. Rc1 Ne4 34. Rd1 Qxg4 0-1

[Event "Turkish Club Cup 2019"]
[Site "Konya"]
[Date "2019.07.20"]
[Round "7"]
[White "Ince, Eray"]
[Black "Toren, Kadir"]
[Result "0-1"]
[WhiteElo "1459"]
[BlackElo "1736"]
[Annotator "NA"]
[PlyCount "54"]
[EventDate "2019.07.16"]
[EventType "team-tourn"]
[EventCountry "TUR"]
[SourceTitle "playchess.com"]
[Source "ChessBase"]
[SourceQuality "1"]

1. Nf3 Nf6 2. e3 d5 3. b3 Bg4 4. Be2 Nbd7 5. Bb2 c5 6. d4 e6 7. O-O Bd6 8. Nbd2 O-O 9. Ne5 Bf5 10. f4 Ne4 11. Nxe4 Bxe4 12. Bb5 Nf6 13. Bd3 Rc8 14. c4 h6 15. Rc1 Bxd3 16. Qxd3 Ne4 17. cxd5 exd5 18. Qe2 Qh4 19. dxc5 Bxc5 20. Nd7 Rfe8 21. Nxc5 Nxc5 22. Bd4 b6 23. Bxc5 bxc5 24. Qd3 Qe7 25. Rf3 d4 26. exd4 cxd4 27. Qxd4 Rxc1+ 0-1

[Event "Turkish Club Cup 2019"]
[Site "Konya"]
[Date "2019.07.20"]
[Round "7"]
[White "Turk, Sarp"]
[Black "Oz, Ozan"]
[Result "0-1"]
[WhiteElo "1448"]
[BlackElo "1923"]
[Annotator "NA"]
[PlyCount "80"]
[EventDate "2019.07.16"]
[EventType "team-tourn"]
[EventCountry "TUR"]
[SourceTitle "playchess.com"]
[Source "ChessBase"]
[SourceQuality "1"]

1. e4 e6 2. b3 c5 3. Bb2 Nc6 4. Nf3 d5 5. Nc3 d4 6. Ne2 Nf6 7. Ng3 Bd6 8. Bd3 O-O 9. Qe2 Qc7 10. O-O Bf4 11. a3 e5 12. h3 a6 13. a4 Nb4 14. Ba3 Nxd3 15. cxd3 Bxg3 16. fxg3 a5 17. Rac1 b6 18. Nh4 Qd6 19. Qf3 Ne8 20. Nf5 Qe6 21. Rb1 g6 22. Nh6+ Kg7 23. Ng4 Ra7 24. Qe2 Re7 25. Nh2 f6 26. g4 Nd6 27. Nf3 Nf7 28. Rf2 Ng5 29. h4 Nxf3+ 30. gxf3 f5 31. gxf5 gxf5 32. Rg2+ Kh8 33. Kh1 Qf6 34. Rh2 fxe4 35. fxe4 Rg7 36. Rg1 Rfg8 37. Rf1 Qh6 38. Qf2 Bg4 39. Qf6 Qxf6 40. Rxf6 Bf3+ 0-1

[Event "Turkish Club Cup 2019"]
[Site "Konya"]
[Date "2019.07.20"]
[Round "7"]
[White "Hekimoglu, Mihriban"]
[Black "Aslan, Lina"]
[Result "1/2-1/2"]
[WhiteElo "1440"]
[BlackElo "1493"]
[Annotator "NA"]
[PlyCount "90"]
[EventDate "2019.07.16"]
[EventType "team-tourn"]
[EventCountry "TUR"]
[SourceTitle "playchess.com"]
[Source "ChessBase"]
[SourceQuality "1"]

1. d4 d5 2. Nf3 Nf6 3. Bf4 e6 4. e3 Nbd7 5. Bd3 Be7 6. h3 b6 7. O-O Bb7 8. Nbd2 O-O 9. Ne5 c5 10. c3 h6 11. Qf3 c4 12. Bxc4 Nxe5 13. Bxe5 Ne4 14. Nxe4 dxc4 15. Qg4 f6 16. Qxe6+ Kh8 17. Bg3 Bd5 18. Qf5 b5 19. Nd2 b4 20. e4 Bg8 21. Qb5 bxc3 22. bxc3 Rc8 23. Qa4 Bc5 24. Nf3 Bb6 25. Rad1 f5 26. Ne5 Qg5 27. Bf4 Qh5 28. Nd7 Rfe8 29. Nxb6 axb6 30. e5 Bd5 31. Qb5 Be4 32. Qxb6 Rc6 33. Qb2 Rg6 34. Qb6 Rc6 35. Qb2 Rg6 36. f3 Bxf3 37. Rd2 Qxh3 38. Rff2 Be4 39. d5 Qh4 40. d6 Bxg2 41. Rxg2 Qe1+ 42. Kh2 Qh4+ 43. Kg1 Qe1+ 44. Kh2 Qh4+ 45. Kg1 Qe1+ 1/2-1/2

[Event "Turkish Club Cup 2019"]
[Site "Konya"]
[Date "2019.07.20"]
[Round "7"]
[White "Yaman, Sila"]
[Black "Olmez, Sude"]
[Result "1-0"]
[WhiteElo "1381"]
[BlackElo "1180"]
[Annotator "NA"]
[PlyCount "95"]
[EventDate "2019.07.16"]
[EventType "team-tourn"]
[EventCountry "TUR"]
[SourceTitle "playchess.com"]
[Source "ChessBase"]
[SourceQuality "1"]

1. d4 d5 2. c4 e6 3. Nc3 Nf6 4. e3 a6 5. cxd5 exd5 6. Bd3 Be7 7. Nge2 O-O 8. O-O Nc6 9. a3 Bd6 10. Ng3 Bxg3 11. hxg3 Re8 12. f3 h6 13. g4 Qd6 14. Ne2 Ne7 15. Qc2 Bd7 16. Bd2 Bc6 17. Be1 Qd7 18. Bg3 Ng6 19. Bxg6 fxg6 20. Nf4 Rxe3 21. Bf2 Ree8 22. Nxg6 Qd6 23. Ne5 Re6 24. Be1 Qd8 25. Bd2 Nd7 26. Rae1 Nxe5 27. dxe5 Qd7 28. f4 Rae8 29. Qc3 d4 30. Qb3 Qd5 31. Qxd5 Bxd5 32. Kh2 c5 33. Rc1 Rc8 34. Be1 c4 35. Bf2 d3 36. Bd4 b5 37. Bc3 Re7 38. f5 Rce8 39. Rce1 Bc6 40. e6 Kh7 41. Bb4 Rb7 42. f6 gxf6 43. Rxf6 Rbb8 44. e7 Rb7 45. Rxc6 d2 46. Bxd2 Rbxe7 47. Rxe7+ Rxe7 48. Rxh6+ 1-0